000 00754nam a2200253Ia 4500
003 OSt
005 20220918174436.0
006 a|||||r|||| 00| 0
007 ta
008 220917b |||||||| |||| 00| 0 eng d
024 _a12,192
037 _cTextual
040 _aARTS
_cARTS
_beng
041 _2eng
_aeng
082 _a/\v161.D, M6
100 _aArmstrong A H ed
_97341
245 0 _aClassical mediterranean spirituality
_b Egyptian, Greek, Roman
260 _aLondon
_bRoutledge & Kegan Paul
_c1986
300 _axxiv,515p.
_ccm.
490 _aWorld spirituality : An encyclopedic history of the religion quest
650 _aSPIRITUALISM
942 _h/\v161.D, M6
_cTEXL
_2CC
999 _c153226
_d153226